| 000 | 00419nam a22001697a 4500 | ||
|---|---|---|---|
| 005 | 20180221161446.0 | ||
| 008 | 160519b xxu||||| |||| 00| 0 eng d | ||
| 020 | _a81-7808986-6 | ||
| 041 | _aeng | ||
| 082 |
_b3148 _a174.4 |
||
| 100 |
_aBoatright J.R. _9787 |
||
| 245 | _aEthics and the conduct of Business | ||
| 260 |
_aDelhi _bPearson Education, _c2003 |
||
| 300 | _a452 | ||
| 650 |
_aManagement _9241 |
||
| 942 | _cBK | ||
| 999 |
_c1081 _d1081 |
||